000 00960naa a22002657a 4500
001 BR8302582
003 BR-BrBNA
005 20240918175247.0
007 ta
008 230509b bl.||||| |||| 00| 0 por d
040 _aBR-BrBNA
_bpor
_cBiblioteca Nacional de Agricultura
041 _a(Pt)
072 _aE70
_b2120
_bG514
090 _aE70 BR8302582
100 1 _aPacheco, J.I.M. de
111 1 _aEncontro de Cooperativas para Exportacao
_cBrasilia, DF (Brazil)
_d25-27 Oct 1983
245 1 _aAspectos da comercializacao do cafe [exportacao, Brasil]
260 3 _aBrasilia, DF (Brasil):
_c1983.
500 _aAnais do Encontro de Cooperativas para Exportacao Brasilia, DF (Brasil): 1983. p. 117-123 (BR8302582-AM)E70
650 _aCAFE
650 _aEXPORTACAO
773 0 _tAnais do Encontro de Cooperativas para Exportacao
_wE70 BR8302582
_gBrasilia, DF (Brasil), 1983. p. 117-123
909 _a202404
_bLucia
_c55
_dLucia Elande
942 _cAM
_2AGRIS
999 _c315884
_d315884